| 000 | 01272nam a2200289Ia 4500 | ||
|---|---|---|---|
| 001 | ebr2001982 | ||
| 003 | CaPaEBR | ||
| 006 | m u | ||
| 007 | cr cn||||||||| | ||
| 008 | 841031r20011910onc sb 000 0 eng d | ||
| 020 | _z1552730611 | ||
| 040 |
_aCaPaEBR _cCaPaEBR |
||
| 035 | _a(OCoLC)70721298 | ||
| 050 | 1 | 4 |
_aJC336 _b.C8 2001eb |
| 100 | 1 |
_aCoker, Francis W. _q(Francis William), _db. 1878. |
|
| 245 | 1 | 0 |
_aOrganismic theories of the state _h[electronic resource] : _bnineteenth century interpretations of the state as organism or as person / _cFrancis W. Coker. |
| 260 |
_aKitchener, Ont. : _bBatoche, _c2001. |
||
| 300 | _a156 p. | ||
| 500 | _aReprint. Originally published : Studies in History, Economics and Public Law; vol. 38, no 2. New York: Columbia University, 1910. | ||
| 504 | _aIncludes bibliographical notes. | ||
| 533 |
_aElectronic reproduction. _bPalo Alto, Calif. : _cebrary, _d2009. _nAvailable via World Wide Web. _nAccess may be limited to ebrary affiliated libraries. |
||
| 650 | 0 | _aState, The. | |
| 650 | 0 | _aPolitical science. | |
| 655 | 7 |
_aElectronic books. _2local |
|
| 710 | 2 | _aebrary, Inc. | |
| 856 | 4 | 0 |
_uhttp://site.ebrary.com/lib/rucke/Doc?id=2001982 _zAn electronic book accessible through the World Wide Web; click to view |
| 999 |
_c229203 _d229203 |
||